| 000 | 01802nam0a2200385 4500 | ||
|---|---|---|---|
| 001 | RU\NLR\bibl\160190 | ||
| 005 | 20260407064136.0 | ||
| 010 |
_a5-87827-134-6 _9100 |
||
| 021 |
_aRU _b2000-52747 _92438 |
||
| 035 | _a(NLR Aleph) 000157135 | ||
| 090 |
_a903162 _c903162 |
||
| 100 | _a20010216d2000 |||y0rusy50 ca | ||
| 101 | 0 | _arus | |
| 102 | _aRU | ||
| 105 | _aa ||||||||| | ||
| 200 | 1 |
_aПроблемы развития индустрии гостеприимства в России _eСб. науч. тр. _fМ-во торговли Рос. Федерации, Моск. гос. ун-т коммерции, Ин-т рестор.-гостинич. бизнеса и туризма _gПод ред. проф. Савкиной Р.В. |
|
| 210 |
_aМ. _cИзд-во МГУК _d2000 |
||
| 215 |
_a76 с. _d20 _cил. |
||
| 300 | _aНа тит.л.: К 70-летию Моск. гос. ун-та коммерции | ||
| 606 | 0 |
_aГостиницы _jСборники _yРоссийская Федерация _92171479 _3RU\NLR\auth\661306207 |
|
| 610 | 0 | _aГостиничное хозяйство | |
| 610 | 0 | _aРестораны | |
| 610 | 0 | _aРоссийская Федерация, гостиницы и рестораны | |
| 675 |
_a640.4(082) _v3 _zrus |
||
| 686 |
_a75 _2rugasnti |
||
| 686 |
_a65.43 _2rubbk |
||
| 686 | _aУ44(2)135.7(2Р)я43 | ||
| 702 | 1 |
_aСавкина _bР. В. _4340 |
|
| 711 | 0 | 2 |
_aМосковский государственный университет коммерции _bИнститут ресторанно-гостиничного бизнеса и туризма _3RU\NLR\AUTH\8810031517 _9561650 |
| 801 | 0 |
_aRU _bRKP _c20010216 _gPSBO |
|
| 801 | 1 |
_aRU _bRKP _c20010216 |
|
| 801 | 2 |
_aRU _bNLR _c20030129 _grcr |
|
| 942 | _cBOOK | ||
| 980 | _aNB | ||